Capitales del Mundo en un Mapa - Estadísticas

Estadísticas generales
  • Esta prueba ha sido intentada 7.055 veces
  • La puntuación promedio es 119 de 196
Respuestas en el mapa
Las respuestas están codificadas por una escala verde-roja en el mapa de la prueba según el % correcto abajo.
 
Estadísticas de respuestas
País Capital % Correcto
España Madrid
93%
Francia París
93%
Estados Unidos Washington D.C.
93%
Brasil Brasilia
92%
Argentina Buenos Aires
92%
México Ciudad de México
92%
Reino Unido Londres
92%
Alemania Berlín
91%
Portugal Lisboa
91%
Rusia Moscú
91%
Italia Roma
91%
Colombia Bogotá
90%
Venezuela Caracas
90%
Perú Lima
90%
Canadá Ottawa
90%
Chile Santiago
90%
Irlanda Dublin
89%
Noruega Oslo
89%
China Pekín
89%
Grecia Atenas
88%
Ucrania Kiev
88%
Japón Tokio
88%
Uruguay Montevideo
87%
Países Bajos Ámsterdam
86%
Cuba La Habana
86%
Bolivia La Paz o Sucre
86%
Bélgica Bruselas
85%
Egipto El Cairo
85%
Suecia Estocolmo
85%
Finlandia Helsinki
85%
Ecuador Quito
85%
Polonia Varsovia
85%
Dinamarca Copenhague
84%
Turquía Ankara
83%
Vaticano Ciudad del Vaticano
83%
India Nueva Delhi
83%
Corea del Sur Seúl
83%
Austria Viena
83%
Paraguay Asunción
82%
Hungría Budapest
82%
Australia Canberra
82%
Panamá Ciudad de Panamá
82%
República Checa Praga
82%
Islandia Reikiavik
82%
Andorra Andorra la Vieja
81%
Rumania Bucarest
81%
Luxemburgo Luxemburgo
81%
Bulgaria Sofía
81%
Mónaco Mónaco
80%
San Marino San Marino
80%
Suiza Berna
79%
Bielorrusia Minsk
78%
Marruecos Rabat
77%
Croacia Zagreb
77%
Argelia Argel
75%
Estonia Tallin
75%
Guatemala Ciudad de Guatemala
74%
Israel Jerusalén
74%
Corea del Norte Pionyang
74%
Letonia Riga
74%
Costa Rica San José
74%
El Salvador San Salvador
74%
Malta La Valeta
73%
Sudáfrica Pretoria, Ciudad del Cabo, o Bloemfontein
73%
Tunez Túnez
73%
Serbia Belgrado
72%
Eslovaquia Bratislava
72%
Albania Tirana
72%
Bosnia y Herzegovina Sarajevo
71%
Honduras Tegucigalpa
71%
Bangladés Daca
70%
Jamaica Kingston
70%
San Vincente y las Grenadinas Kingstown
70%
Lituania Vilna
70%
Tailandia Bangkok
69%
Eslovenia Liubliana
69%
Nicaragua Managua
69%
Irán Teherán
69%
Nueva Zelanda Wellington
69%
Emiratos Árabes Unidos Abu Dhabi
68%
Filipinas Manila
68%
Mongolia Ulán Bator
68%
Liechtenstein Vaduz
68%
Moldavia Chișinău
67%
Guiana Georgetown
67%
Arabia Saudita Riad
67%
República Dominicana Santo Domingo
67%
Indonesia Yakarta
67%
Siria Damasco
66%
Singapur Singapur
66%
Chipre Nicosia
65%
Haití Puerto Príncipe
65%
Irak Bagdad
64%
Catar Doha
64%
Macedonia del Norte Skopie
64%
Azerbaiyán Bakú
63%
Libia Trípoli
63%
Afganistán Kabul
62%
Malasia Kuala Lumpur
62%
Kuwait Kuwait
62%
Kenia Nairobi
62%
Montenegro Podgorica
62%
Kosovo Pristina
62%
Taiwán Taipéi
62%
Vietnam Hanói
61%
Surinam Paramaribo
61%
Belice Belmopán
60%
Kazajistán Nursultán
60%
Georgia Tiflis
60%
Madagascar Antananarivo
59%
Líbano Beirut
59%
Pakistán Islamabad
59%
Bahamas Nasáu
59%
Trinidad y Tobago Puerto España
58%
Senegal Dakar
57%
Armenia Ereván
55%
Yibuti Yibuti
55%
Nepal Katmandú
54%
Yemen Saná
54%
Etiopía Adís Abeba
53%
Jordania Amán
52%
Angola Luanda
50%
Antigua y Barbuda Saint John's
49%
Mozambique Maputo
48%
Omán Mascate
48%
Cambodia Nom Pen
48%
Santo Tomé y Príncipe Santo Tomé
48%
Laos Vientián
48%
Sierra Leone Freetown
47%
Maldivas Malé
47%
Guinea-Bisau Bisáu
46%
República Democrática del Congo Kinsasa
46%
Gabón Libreville
46%
Somalia Mogadiscio
46%
Seychelles Victoria
46%
Nigeria Abuya
45%
Ghana Acra
45%
República del Congo Brazzaville
44%
Sudán Jartum
44%
Cabo Verde Praia
44%
Kirguistán Biskek
43%
Timor Oriental Dili
43%
Baréin Manama
43%
Papua Nueva Guinea Port Moresby
43%
Granada Saint George
43%
Sri Lanka Sri Jayawardenepura Kotte
43%
Turkmenistán Asjabad
42%
Barbados Bridgetown
42%
Santa Lucía Castries
42%
Dominica Roseau
42%
Uzbekistán Taskent
42%
San Cristóbal y Nieves Basseterre
41%
Bután Timbu
41%
Camerún Yaundé
41%
Benín Porto-Novo o Cotonu
40%
Sudán del Sur Yuba
40%
Myanmar Naipyidó
39%
Mauricio Port Louis
38%
Eritrea Asmara
37%
Brunéi Bandar Seri Begawan
37%
Tayikistán Dusambé
37%
Uganda Kampala
37%
Liberia Monrovia
37%
Mauritania Nuakchot
37%
Namibia Windhoek
37%
Malí Bamako
36%
Tanzania Dodoma
36%
Togo Lomé
36%
Níger Niamey
36%
Fiyi Suva
36%
Burkina Faso Uagadugú
36%
Chad Yamena
36%
Zimbabue Harare
35%
Zambia Lusaka
35%
Guinea Ecuatorial Malabo
35%
Guinea Conakri
34%
Botsuana Gaborone
34%
Vanuatu Port Vila
34%
República Centro Africana Bangui
33%
Gambia Banjul
33%
Costa de Marfil Yamusukro
33%
Samoa Apia
32%
Ruanda Kigali
31%
Malaui Lilongüe
31%
Suazilandia Mbabane
31%
Comoras Moroni
30%
Lesoto Maseru
29%
Tuvalu Funafuti
28%
Burundi Gitega
28%
Micronesia Palikir
27%
Islas Salomón Honiara
26%
Kiribati Tarawa Sur
26%
Nauru Yaren
26%
Islas Marshall Majuro
25%
Palau Ngerulmud
23%
Tonga Nukualofa
22%
No se encontraron pruebas coincidentes
Distribución de puntuación
Porcentaje de gente con cada puntuación
Porcentaje por número respondido
Historial de tus puntuaciones
No has intentado esta prueba.